Łódź: częste linie MPK - Statystyki

Ogólne statystyki
  • Ten quiz został rozwiązany 90 razy
  • Średni wynik to 6 z 9
Statystyki odpowiedzi
Typ Linia % Poprawnych
tramwajowa 8
99%
tramwajowa 10AB
94%
autobusowa 96
82%
autobusowa 72AB
75%
autobusowa 69AB
72%
autobusowa 70
72%
autobusowa podmiejska 78
63%
autobusowa 81
62%
autobusowa zmianowa G1
21%
Nie znaleziono quizów pasujących do podanych kryteriów
Rozkład punktacji
Procent ludzi z każdym wynikiem
Percentyl według liczby udzielonych odpowiedzi
Twoja historia wyników
Nie rozwiązałeś tego quizu